000 00359nam a22001571a 4500
020 _a9788126410279
082 _aM2
_bCHE/N
100 _aCherukad
245 _aNammalonnu/
_cby Cherukad
260 _aKottayam:
_bD C Books,
_c2005.
300 _a51p.
650 _aDrama Malayalam
650 _aLiterature Malayalam
650 _aLiterature
942 _cBK
999 _c30391
_d30391